| 000 | 01683nam a2200445 i 4500 | ||
|---|---|---|---|
| 001 | DIGFLACEC0033 | ||
| 003 | NyNyDIG | ||
| 007 | cr ||||||||||| | ||
| 008 | 230920s2022 ec ob 000 0 spa d | ||
| 006 | m o d | ||
| 035 | _a(OCoLC)1399543082 | ||
| 040 |
_aDGITA _beng _erda _epn _cDGITA |
||
| 020 |
_a9789978676196 _q(pdf) |
||
| 020 |
_z9789978676165 _q(impreso) |
||
| 024 | 7 |
_a10.46546/2022-33atrio _2doi |
|
| 043 | _as-bo--- | ||
| 050 | 1 | 4 | _aF3341.P7 ebook |
| 100 | 1 |
_aFlores Castro, Franz, _eauthor. |
|
| 245 | 1 | 3 |
_aEl esplendor inútil : _bPotosí ante el Estado boliviano / _cFranz Flores Castro. |
| 264 | 1 |
_aQuito, Ecuador : _bEditorial FLACSO Ecuador, _c[2022] |
|
| 300 | _a1 online resource. | ||
| 336 |
_atext _btxt _2rdacontent |
||
| 337 |
_acomputer _bc _2rdamedia |
||
| 338 |
_aonline resource _bcr _2rdacarrier |
||
| 347 |
_atext file _2rdaft |
||
| 347 | _bPDF | ||
| 490 | 1 | _aSerie Atrio | |
| 504 | _aIncludes bibliographical references. | ||
| 588 | 0 | _aOnline resource; title from PDF title page (Digitalia, viewed September 20, 2023) | |
| 651 | 0 |
_aPotosí (Bolivia : Department) _xHistory. |
|
| 651 | 0 |
_aPotosí (Bolivia : Department) _xPolitics and government. |
|
| 651 | 0 |
_aPotosí (Bolivia : Department) _xSocial conditions. |
|
| 791 | 2 |
_aDigitalia (Firm), _edistributor. |
|
| 793 | 0 |
_gDigitalia eBook Collection: _aFLACSO Ecuador |
|
| 776 | 0 | 8 |
_iPrint version: _aFlores Castro, Franz. _tEsplendor inútil. _dQuito, Ecuador : Editorial FLACSO Ecuador, [2022] _z9789978676165 |
| 830 | 0 | _aAtrio. | |
| 856 | 4 | 0 |
_3Digitalia Hispánica _uhttps://www.digitaliapublishing.com/a/127622/ |
| 910 | _aPremium collection: 2023 | ||
| 942 | _cRAA | ||
| 999 |
_c278780 _d278780 |
||